000 00998nam a22002177a 4500
003 OSt
005 20190104065735.0
008 180313b xxu||||| |||| 00| 0 spa d
040 _cPJ
100 _9115
_aSauquillo González, Julián
245 1 0 _aMichel Foucaul:
_buna filosofía de la acción /
_cJulián Sauquillo González.
260 _aMadrid :
_bCentro de Estudios Constitucionales,
_c1989.
300 _a459 p.
_c21 cm.
490 _aEl derecho y la Justicia
_v10
500 _aCitas y notas bibliográficas a pie de página.
504 _aBibliografía: p. 395-440.
505 _aContenido: Primera parte - introducción -- 1. Ontología e historia -- 2. Ontología del lenguaje y experiencia de los límites -- 3. La autorregulación del discurso -- 4. Romper el orden del discurso: hacia una insurreción de los saberes sometidos -- 5. La historicidad del poder.
600 _aFOUCAULT, MICHEL PAUL, 1926-1984
650 _aFILOSOFIA
_9393
942 _2udc
_cLIB
_h101
_iSAU
999 _c100
_d100